000 01515nam0a2200349 i 4500
001 RU\NLR\BIBL_A\010411335
005 20241114232413.0
010 _a9785170836116
_b"Изд-во АСТ"
_92000
021 _aRU
_b2014-31012
_91900
035 _a(NILC)RuMoRGB-006808765
035 _a(NLR Aleph) 010411335
090 _a9760008
_c9760008
100 _a20140702d2014 um y0rusy50 ca
101 1 _arus
_cger
102 _aRU
105 _aa|||z||||00yy
200 1 _aВяжем шапки, варежки, перчатки, тапочки, носки
_e[для мужчин, женщин и детей
_fпер. с нем. Л. Кайсаровой]
210 _aМосква
_cАСТ
_cКладезь
_d2014
215 _a191, [1] с.
_cцв. ил.
_d24
225 1 _aЛучшие модели для рукоделия
606 1 _aТапки
_xВязание
_92105315
_3RU\NLR\AUTH\661576479
606 _aГоловные уборы
_xВязание
_92137131
_3RU\NLR\AUTH\661592934
606 _aПерчатки
_xВязание
_92162044
_3RU\NLR\AUTH\661605692
606 _aЧулочно-носочные изделия
_xВязание
_92628377
_3RU\NLR\AUTH\661564937
606 _aВарежки
_xВязание
_92628383
_3RU\NLR\AUTH\661564943
686 1 _aМ483
702 1 _4730
_aКайсарова
_bЛ . И.
_f1958-
_gЛюдмила Ивановна
_9135338
_3RU\NLR\AUTH\770135373
801 0 _aRU
_bРГБ
_c20140423
_gRCR
942 _cBOOK
980 _aNBR